Представление документа в формате RUSMARC

ПолеНазваниеЗначение
  Тип записи a
  Библиографический уровень a
001 Контрольный номер RU/REG73/CBS_GRAD/4801b00ddb26422d85dbd2ca9b1cac91
005 Дата корректировки 20260219134357.1
100 Данные общей обработки __
a Данные общей обработки 20260219a2026####|||u0rusy0189 ca
101 Язык документа 0_
a Язык текста rus
102 Страна публикации __
a Страна публикации RU
200 Заглавие и сведения об ответственности 1_
a Заглавие Сретение Господне
461 Уровень набора _0
1 2000
a Славянка
463 Уровень физической единицы _0
1 2000
a № 1 (январь-февраль)
v С.96-97
1 2101
d 2026
1 001RU/REG73/CBS_GRAD/ff42391eb42048848aa19591b33eb18a
606 Тематические рубрики 0_
a Основная рубрика Православие
610 Ключевые слова 0_
a Ключевые слова православные праздники; Сретение Господне
686 Индексы других классификаций __
a Классификационный индекс 86
2 Код системы rubbk
801 Источник записи _0
a Страна RU
b Организация RuCBSGrad
c Дата составления 20260219
g Правила каталогизации RCR
801 Источник записи _1
a Страна RU
b Организация RuCBSGrad
c Дата составления 20260219
g Правила каталогизации RCR
852 Данные о местонахождении __
a Наименование организации МБУК ЦБС г. Димитровграда
901 Тип документа __
t Тип документа b
w Контрольный № источника RU/REG73/CBS_GRAD/ff42391eb42048848aa19591b33eb18a
909 Создатель записи __
a Создатель записи Тенигина
b Дата создания записи 20260219